| 000 | 01271cam a2200253 4500 | ||
|---|---|---|---|
| 001 | ABS62381 | ||
| 008 | 000000n2000 000 0 eng u | ||
| 035 | _a(Sirsi) u106283 | ||
| 245 | _aBerrill (trading as Cobweb Antiques) v Hill (VO) | ||
| 260 | _c2000 | ||
| 490 |
_aRating Appeals _v[2000] RA 194-204(6) |
||
| 520 | _aLT 2 February 2000. Ratepayer (B) appealed against the VO's 30% reduction for the effects of Tramlink construction works in Croydon on the grounds that the reduction was too low. The VO claimed that a 30% reduction had been universally accepted throughout Church Street. The LT upheld the VO's 30% reduction on the grounds that B had not discharged the burden proving that the valuation tribunal decision was wrong. The evidence of other properties assessed at the same reduction but less adversely affected by the works could not be used to justify a further reduction. Appeal dismissed. | ||
| 590 | _aABS | ||
| 650 | _aBERRILL (TRADING AS COBWEB ANTIQUES) V HILL (VO) | ||
| 650 | _aRATING ASSESSMENTS | ||
| 650 | _aREDUCTION | ||
| 650 | _aCONSTRUCTION WORKS | ||
| 650 | _aDISRUPTION | ||
| 650 | _aCOMPARABLES | ||
| 650 | _aRATEABLE VALUE | ||
| 650 | _aTRAMLINK | ||
| 690 | _aRATING AND LOCAL TAXATION-CASE LAW | ||
| 942 | _n0 | ||
| 999 |
_c63649 _d63649 |
||